| 000 | 00651cam a2200169 4500500 | ||
|---|---|---|---|
| 005 | 20251228064233.0 | ||
| 041 | _afre | ||
| 042 | _adc | ||
| 100 | 1 | 0 |
_aChaslot-Robinet, Sylvie _eauthor |
| 700 | 1 | 0 |
_aVanlierde, Sabrina _eauthor |
| 700 | 1 | 0 |
_aDesmartin, Cécile _eauthor |
| 245 | 0 | 0 | _aDes liens et des transferts entre générations André Masson, Collection En temps & lieux, Éditions EHESS, 2009, 464 p. |
| 260 | _c2011. | ||
| 500 | _a4 | ||
| 786 | 0 | _nRetraite et société | 61 | 2 | 2011-08-01 | p. 240a-244a | 1167-4687 | |
| 856 | 4 | 1 | _uhttps://shs.cairn.info/revue-retraite-et-societe1-2011-2-page-240a?lang=fr&redirect-ssocas=7080 |
| 999 |
_c1589628 _d1589628 |
||